Clubs d'Arkema Première Ligue (2024-2025) - Statistiques

Statistiques générales
  • Ce quiz a été pris 37 fois
  • Le résultat moyen est 8 sur 12
Statistiques - réponses
% Correct
Ligue 1 Paris Saint-Germain
97%
Ligue 1 Olympique Lyonnais
94%
Ligue 1 Paris FC
89%
Ligue 1 Montpellier
83%
Ligue 1 FC Nantes
71%
Ligue 1 RC Strasbourg
71%
Ligue 1 Stade de Reims
66%
Ligue 1 FC Fleury
63%
Ligue 1 Le Havre
63%
Ligue 1 Dijon
57%
Ligue 1 En Avant Guingamp
34%
Ligue 1 AS Saint-Étienne
17%
Aucun quiz correspondant
Distribution des résultats
% des personnes avec chaque résultat
Percentile par nombre de réponses
Votre historique - résultats
Vous n’avez pas pris ce quiz